Artesanía como patrimonio cultural: desarrollo, fomento y protección

Este ensayo aborda la cultura tradicional como el laboratorio donde se gestan las imágenes y los símbolos más representativos de la identidad de un pueblo. Dentro de esta cultura, la artesanía es una expresión privilegiada de los modos de relación del hombre con el territorio que habita. Lo mineral,...

Full description

Bibliographic Details
Main Author: Sepúlveda Llanos, Fidel 1936-2006
Format: Analitica de revista
Language:Spanish
Published: Santiago: Pontificia Universidad Católica de Chile, 2003.
Subjects:
Online Access:Acceso electrónico al documento

MARC

LEADER 00000nam a22000007a 4500
008 200409s2003 cl |||| o|||| 00| 0 spa d
040 |a UAHC  |c UAHC 
100 |9 7515  |a  Sepúlveda Llanos, Fidel  |d 1936-2006 
245 1 0 |a Artesanía como patrimonio cultural:   |b desarrollo, fomento y protección  |c Fidel Sepúlveda Llanos. 
260 |a Santiago:  |b Pontificia Universidad Católica de Chile,  |c 2003. 
300 |a 6 páginas. 
500 |a En: Aisthesis, número 36, 2003. Desde la página 51 a la 56.  
520 |a Este ensayo aborda la cultura tradicional como el laboratorio donde se gestan las imágenes y los símbolos más representativos de la identidad de un pueblo. Dentro de esta cultura, la artesanía es una expresión privilegiada de los modos de relación del hombre con el territorio que habita. Lo mineral, vegetal y animal revelan en las creaciones artesanales la diversidad de visiones de mundo de las comunidades del norte, centro y sur de Chile. 
650 0 |9 1838  |a Patrimonio cultural  |z Chile 
650 0 |9 14205  |a Artesanías  |z Chile 
856 |u http://revistaaisthesis.uc.cl/index.php/RAIT/article/view/9734  |y Acceso electrónico al documento 
900 |a Recurso electrónico 
942 |c REVA 
952 |0 0  |1 0  |4 0  |6 RECURSO_ELECTRÓNICO  |7 0  |8 BAS  |9 94773  |a BC  |b BC  |c Digital  |d 2021-10-08  |l 0  |o RECURSO ELECTRÓNICO  |r 2021-10-08 00:00:00  |w 2021-10-08  |y REVA 
999 |c 58965  |d 58965